000 00548nam a2200205Ia 4500
005 20250923145242.0
008 008 250917s9999 xx 000 0 eng d
037 _aTextual
040 _aDSWL
_beng
_cDSWL
041 _aeng
_2eng
084 _qDSWL
100 _aWeinberger, Paul E.
_9833378
245 0 _aPerspectives on social welfare
_cby Paul E. Weinberger
260 _aLondon
_bThe Macmillan Co.
_c1969
300 _axi,563p.
365 _aUSD
_b4.95
925 _g4.95
942 _cTEXL
999 _c1449002
_d1449002